书目信息 |
| 题名: |
大学计算机应用基础
|
|
| 作者: | 闫洪亮 主编 | |
| 分册: | ||
| 出版信息: | 哈尔滨工程大学出版社 2014.07 |
|
| 页数: | 283页 | |
| 开本: | 26cm | |
| 丛书名: | ||
| 单 册: | ||
| 中图分类: | TP3 | |
| 科图分类: | ||
| 主题词: | 计算技术 , 电子计算机 | |
| 电子资源: | ||
| ISBN: | 7-5661-0855-7 | |
| 000 | 00575nam0 2200193 450 | |
| 001 | 1541203607 | |
| 005 | 20240627082704.63 | |
| 010 | @a7-5661-0855-7@dCNY35.00 | |
| 100 | @a20150421d2014 km y0chiy0120 ea | |
| 101 | 0 | @achi |
| 200 | 1 | @a大学计算机应用基础@Ada xue ji suan ji ying yong ji chu@f闫洪亮主编@Fyan hong liang zhu bian |
| 210 | @c哈尔滨工程大学出版社@d2014.07 | |
| 215 | @a283页@d26cm | |
| 606 | 0 | @a计算技术 |
| 606 | 0 | @a电子计算机 |
| 690 | @aTP3@v4 | |
| 701 | 0 | @a闫洪亮@Ayan hong liang@4主编 |
| 801 | 0 | @aCN@b河南城建学院图书馆@c20200923 |
| 905 | @aZUCC@dTP3@eY031 | |
| 大学计算机应用基础/闫洪亮主编.-哈尔滨工程大学出版社,2014.07 |
| 283页;26cm |
| ISBN 7-5661-0855-7:CNY35.00 |
| ● |
| 相关链接 |
|
|
|
正题名:大学计算机应用基础
索取号:TP3/Y031
 
预约/预借
| 序号 | 登录号 | 条形码 | 馆藏地/架位号 | 状态 | 备注 |
| 1 | 1222408 | 212224083 | 自科二线404/404自科库 13排4列3层/ [索取号:TP3/Y031] | 在馆 | |
| 2 | 1238373 | 212383730 | 自科二线404/301自科库 100排3列2层/ [索取号:TP3/Y031] | 在馆 | |
| 3 | 1239069 | 212390697 | 自科二线404/404自科库 13排4列3层/ [索取号:TP3/Y031] | 在馆 | |
| 4 | 1281787 | 212817870 | 自科二线404/301自科库 100排3列2层/ [索取号:TP3/Y031] | 在馆 | |
| 5 | 1303737 | 213037373 | 自科库301/301自科库 44排3列3层/ [索取号:TP3/Y031] | 在馆 | |
| 6 | 1348231 | 213482319 | 自科库301/301自科库 44排3列3层/ [索取号:TP3/Y031] | 在馆 | |
| 7 | 1501393 | 215013937 | 城院文库/ [索取号:TP3/Y031] | 在馆 | |
| 8 | 1552847 | 215528472 | 自科库301/301自科库 44排3列3层/ [索取号:TP3/Y031] | 在馆 | |
| 9 | 1552871 | 215528711 | 自科库301/301自科库 44排3列3层/ [索取号:TP3/Y031] | 在馆 | |
| 10 | 496185 | 204961853 | 自科库301/ [索取号:TP3/Y031] | 在馆 | |
| 11 | 497734 | 204977347 | 城院文库/ [索取号:TP3/Y031] | 在馆 | |
| 12 | 497757 | 204977579 | 自科二线404/404自科库 13排4列3层/ [索取号:TP3/Y031] | 在馆 | |
| 13 | 665277 | 206652772 | 城院文库/ [索取号:TP3/Y031] | 在馆 |